Ultimate FNAF Characters - Statistics

General Stats
  • This quiz has been taken 18 times
    15 since last reset
  • The average score is 133 of 183
Answer Stats
GAME NAME % Correct
FNAF 2 | FNAF HW Balloon Boy
100%
FNAF SL Ballora
100%
FNAF 1 | FNAF HW Bonnie
100%
FNAF 1 | FNAF HW Chica
100%
FNAF SL CIrcus Baby
100%
FNAF HW Circus Baby
100%
FNAF 1 | FNAF HW Foxy
100%
FNAF 1 | FNAF HW Freddy
100%
FNAF PS Funtime Chica
100%
FNAF HW | FNAF SL Funtime Foxy
100%
FNAF HW | FNAF SL Funtime Freddy
100%
FNAF SB Glamrock Bonnie
100%
FNAF SB Glamrock Chica
100%
FNAF SB Glamrock Freddy
100%
FNAF1 Golden Freddy
100%
FNAF HW | FNAF SB Grimm Foxy
100%
FNAF HW | FNAF SL Lolbit
100%
FNAF 2 | FNAF HW Mangle
100%
FNAF 4 Nightmare
100%
FNAF 4 | FNAF HW Nightmare Balloon Boy
100%
FNAF 4 | FNAF HW Nightmare Bonnie
100%
FNAF 4 | FNAF HW Nightmare Chica
100%
FNAF 4 | FNAF HW Nightmare Foxy
100%
FNAF 4 | FNAF HW Nightmare Freddy
100%
FNAF 4 Nightmare Mangle
100%
FNAF SotM Party Time Chica
100%
FNAF 3 | FNAF HW Phantom Balloon Boy
100%
FNAF 3 Phantom Chica
100%
FNAF 3 | FNAF HW Phantom Foxy
100%
FNAF 3 | FNAF HW Phantom Freddy
100%
FNAF 3 | FNAF HW Phantom Mangle
100%
FNAF 3 Phantom Puppet
100%
FNAF 2 | FNAF HW Puppet
100%
FNAF PS Rockstar Bonnie
100%
FNAF PS Rockstar Chica
100%
FNAF PS Rockstar Foxy
100%
FNAF PS Rockstar Freddy
100%
FNAF PS Scrap Baby
100%
FNAF PS Scraptrap
100%
FNAF PS Security Puppet
100%
FNAF 2 Shadow Bonnie
100%
FNAF 2 Shadow Freddy
100%
FNAF 3 | FNAF HW Springtrap
100%
FNAF 2 | FNAF HW Toy Bonnie
100%
FNAF 2 | FNAF HW Toy Chica
100%
FNAF 2 | FNAF HW Toy Freddy
100%
FNAF 2 | FNAF HW Withered Bonnie
100%
FNAF 2 | FNAF HW Withered Chica
100%
FNAF 2 | FNAF HW Withered Foxy
100%
FNAF 2 | FNAF HW Withered Freddy
100%
FNAF 2 Withered Golden Freddy
100%
FNAF 1 | FNAF HW Endo 1
88%
FNAF 2 | FNAF HW Endo 2
88%
FNAF HW | FNAF SL Ennard
88%
FNAF SB Glamrock Endo
88%
FNAF PS Lefty
88%
FNAF PS Molten Freddy
88%
FNAF HW Nightmare Endo
88%
FNAF HW Nightmare Freadbear
88%
FNAF 4 Nightmare Fredbear
88%
FNAF HW | FNAF SL Bidybab
75%
FNAF HW | FNAF SL Bon-Bon
75%
FNAF SB DJ Music Man
75%
FNAF PS El Chip
75%
Famille Afton | Joueur FNAF 4 Evan Afton / Crying child
75%
FNAF FFD Fredbear
75%
FNAF 4 | FNAF HW Jack-O-Bonnie
75%
FNAF 4 | FNAF HW Jack-O-Chica
75%
FNAF 2 JJ
75%
FNAF SB Mini Music Man
75%
FNAF SB Montgomery Gator / Monty
75%
FNAF 4 | FNAF HW Nightmarionne
75%
FNAF SB Roxanne Wolf / Roxy
75%
FNAF FFD Springbonnie
75%
FNAF SotM The Mimic / M2
75%
FNAF SL Yenndo
75%
FNAF HW | FNAF SL Bonnet
63%
FNAF HW Dreadbear
63%
Famille Afton Elizabeth Afton
63%
FNAF 4 | FNAF HW Freddles
63%
FNAF HW Glitchtrap
63%
FNAF PS Happy Frog
63%
FNAF SotM Jugband Hippo
63%
FNAF SotM Jugband Monty
63%
Famille Afton | Garde de nuit FNAF PS | Garde de nuit FNAF SL Michael Afton
63%
FNAF PS Mr Hippo
63%
FNAF PS Music Man
63%
FNAF PS Neddbear
63%
FNAF 4 | FNAF HW Nightmare Cupcake
63%
FNAF 4 | FNAF HW Plushtrap
63%
FNAF SB Burntrap
50%
Joueur FNAF SB Ruin Cassie
50%
Enfant hantant Puppet Charlotte Emily
50%
Joueur FNAF SB Gregory
50%
FNAF HW | FNAF PS Helpy
50%
FNAF 4 | FNAF HW Jack-O-Lantern
50%
FNAF HW | FNAF SL Minireena
50%
Garde de nuit FNAF HW Vanessa
50%
Cofondateur | Garde de nuit FNAF UCN William Afton
50%
Joueur FNAF SotM Arnold
38%
Enfant disparu Cassidy (Golden Freddy)
38%
Fils d'Edwin David Murray
38%
FNAF SB Eclipse
38%
Fondateur MCM Edwin Murray
38%
FNAF SotM F10-N4 / M1
38%
Femme d'Edwin Fiona Murray
38%
Cofondateur Henry Emily
38%
FNAF SotM Jackie
38%
FNAF PS Orville Elephant
38%
FNAF PS Pigpatch
38%
FNAF SB STAFF Bots
38%
FNAF SB Vanny
38%
FNAF SotM Big Top
25%
FNAF SotM Dollie
25%
Enfant disparu Fritz (Foxy)
25%
Enfant disparu Gabriel (Freddy)
25%
Enfant disparu Jeremy (Bonnie)
25%
Garde de nuit FNAF 1 Mike Schmidt
25%
FNAF SotM Mme Helpful
25%
FNAF SotM Mr Helpful
25%
FNAF HW Plushbaby
25%
Phone Guy Ralph
25%
Enfant disparu Susie (Chica)
25%
FNAF SB Blob
13%
Garde de nuit FNAF 2 Fritz Smith
13%
Garde de nuit FNAF 2 Jeremy Fitzgerald
13%
FNAF SotM Bub
0%
FNAF SotM Capitaine Pirate
0%
FNAF SotM Jest
0%
FNAF SotM Lasso Pig
0%
FNAF SB Lune
0%
FNAF SotM Rocktapus
0%
FNAF SotM Sharp Pei
0%
FNAF SB Soleil
0%
FNAF SotM Swing Bee
0%
FNAF SotM Tigre Blanc
0%
No matching quizzes found
Score Distribution
Percent of People with Each Score
Percentile by Number Answered
Your Score History
You have not taken this quiz since the last reset